000 01086nam a2200301 a 4500
999 _c2383
_d2383
001 2455586
005 20170719113659.0
008 920923s1990 wiu b 000 0 eng d
010 _a 89064321
020 _a0874621577
035 _a(OCoLC)21413254
040 _aOWorP
_cOWorP
_dDLC
042 _alccopycat
050 0 4 _aB804
_b.M225 1990
100 1 _aMacIntyre, Alasdair C.
_918768
245 1 0 _aFirst principles, final ends, and contemporary philosophical issues /
_cby Alasdair MacIntyre.
260 _aMilwaukee :
_bMarquette University Press,
_c1990.
300 _a69 p. ;
_c19 cm.
440 4 _aThe Aquinas lecture ;
_v1990
_933400
500 _a"Under the auspices of the Wisconsin-Alpha Chapter of Phi Sigma Tau."
504 _aIncludes bibliographical references.
650 _aPhilosophy, Modern
_x20th century
_xThomists
_xTeleology
_933401
906 _a7
_bcbc
_ccopycat
_d3
_eopcn
_f19
_gy-gencatlg
942 _2lcc
_cMONOGRAPH